Osobitosti účtovania v akciovej spoločnosti diplomová práca

Saved in:
Bibliographic Details
Main Author: Šulíková, Marta
Corporate Author: Fakulta hospodárskej informatiky EU. Katedra účtovníctva a audítorstva
Other Authors: Mateášová, Martina, 1979-
Format: Book
Language:Slovak
Published: Bratislava 2012
Tags: Add Tag
No Tags, Be the first to tag this record!

MARC

LEADER 00000nbm a2200000 4500
001 0154783
005 20161109102144.5
041 0 |a slo 
044 |a SK 
245 1 0 |a Osobitosti účtovania v akciovej spoločnosti  |b diplomová práca  |c Marta Šulíková ; školiteľ: Martina Mateášová 
264 1 |a Bratislava  |c 2012 
300 |a 62 s. 
100 1 |a Šulíková, Marta 
700 1 |a Mateášová, Martina, 1979- 
710 2 |a Fakulta hospodárskej informatiky EU. Katedra účtovníctva a audítorstva